Statistics for NBA Coaches By Wins

Click here to take the quiz!

General Stats

  • This quiz has been taken 96 times
    (30 since last reset)
  • The average score is 10 of 16

Answer Stats

WinsAnswer% Correct
1,364Gregg Popovich
100%
1,155Phil Jackson
100%
938Red Auerbach
92%
1,096Doc Rivers
88%
1,210Pat Riley
83%
1,098Larry Brown
75%
1,332Lenny Wilkens
71%
1,335Don Nelson
67%
1,221Jerry Sloan
67%
1,175George Karl
58%
894Rick Carlisle
54%
1,042Rick Adelman
42%
944Bill Fitch
38%
864Jack Ramsay
33%
832Cotton Fitzsimmons
29%
935Dick Motta
29%

Score Distribution

Percentile by Number Answered

Percent of People with Each Score

Your Score History

You have not taken this quiz since the last reset